000 00384 a2200145 4500
001 170179
020 _a
040 _cMagnum
100 _aAgencia Regional de Noticias
240 1 0 _aClipping em educacao - 30/10/00 a 05/11/00 - ano ii - nº 63
_lpor
245 1 0 _aClipping em educacao - 30/10/00 a 05/11/00 - ano ii - nº 63
362 0 _a1899
697 _aENSINO
942 _cBK
999 _c170179
_d170179